Learning Resource and Development

Health promotion and disease prevention for advanced practice : (Record no. 32116)

MARC details
000 -LEADER
fixed length control field 03263cam a2200409 i 4500
001 - CONTROL NUMBER
control field 22973280
003 - CONTROL NUMBER IDENTIFIER
control field CSPC
005 - DATE AND TIME OF LATEST TRANSACTION
control field 20260319115835.0
008 - FIXED-LENGTH DATA ELEMENTS--GENERAL INFORMATION
fixed length control field 230214s2024 mau b 001 0 eng
010 ## - LIBRARY OF CONGRESS CONTROL NUMBER
LC control number 2023007032
020 ## - INTERNATIONAL STANDARD BOOK NUMBER
International Standard Book Number 9781284249200
Qualifying information (paperback)
035 ## - SYSTEM CONTROL NUMBER
System control number 22973280
040 ## - CATALOGING SOURCE
Original cataloging agency DNLM/DLC
Language of cataloging eng
Description conventions rda
Transcribing agency DLC
Modifying agency DLC
-- CSPC
042 ## - AUTHENTICATION CODE
Authentication code pcc
050 00 - LIBRARY OF CONGRESS CALL NUMBER
Classification number RA418
Item number .D68 2025
060 00 - NATIONAL LIBRARY OF MEDICINE CALL NUMBER
Classification number WA 590
082 00 - DEWEY DECIMAL CLASSIFICATION NUMBER
Classification number 362.1
Item number D758h
Edition number 23/eng/20230703
100 1# - MAIN ENTRY--PERSONAL NAME
Personal name Downes, Loureen,
Relator term author.
245 10 - TITLE STATEMENT
Title Health promotion and disease prevention for advanced practice :
Remainder of title integrating evidence-based lifestyle concepts /
Statement of responsibility, etc. Loureen Downes and Lilly Tryon.
250 ## - EDITION STATEMENT
Edition statement First edition.
264 #1 - PRODUCTION, PUBLICATION, DISTRIBUTION, MANUFACTURE, AND COPYRIGHT NOTICE
Place of production, publication, distribution, manufacture Burlington, Massachusetts :
Name of producer, publisher, distributor, manufacturer Jones & Bartlett Learning,
Date of production, publication, distribution, manufacture, or copyright notice 2025.
300 ## - PHYSICAL DESCRIPTION
Extent xix, 666 pages ;
Dimensions 23 cm.
336 ## - CONTENT TYPE
Content type term text
Content type code txt
Source rdacontent
337 ## - MEDIA TYPE
Media type term unmediated
Media type code n
Source rdamedia
338 ## - CARRIER TYPE
Carrier type term volume
Carrier type code nc
Source rdacarrier
504 ## - BIBLIOGRAPHY, ETC. NOTE
Bibliography, etc. note Includes bibliographical references and index.
505 0# - FORMATTED CONTENTS NOTE
Formatted contents note Part 1. Principles of health promotion -- Introduction to health promotion, disease prevention, and lifestyle concepts -- Health disparities and determinants of health -- Theoretical approaches to health promotion and disease prevention -- Provider self-care and modeling of healthy lifestyle behaviors -- Part 2. The process of health promotion -- Health promotion across the lifespan -- Patient-centered strategies for promoting healthy lifestyles -- The use of technology in health promotion -- Health promotion billing and reimbursement -- Health needs assessment -- Developing interprofessional community-based programs -- Part 3. A-SMART lifestyle prescriptions for health promotion -- Adopt healthy eating -- Stress less -- Move often -- Avoid alcohol -- Rest more -- Treat tobacco use -- Part 4. The practice of health promotion for preventing and managing chronic disease -- Pre-obesity and obesity prevention and management -- Lifestyle management of insulin resistance and type 2 diabetes -- Lifestyle approaches for preventing and improving cardiovascular disease -- Reducing chronic pain through lifestyle behaviors -- Healthy lifestyle promotion for the cancer continuum -- Health promotion interventions for Alzheimer's disease and dementia -- The role of healthy lifestyles in mental health promotion.
520 ## - SUMMARY, ETC.
Summary, etc. "As healthcare shifts from fee-for-service to value-based care, clinicians need to be adequately prepared to provide evidence-based and cost-effective preventative care using an interprofessional approach. This textbook emphasizes an evidence-based approach to health promotion and disease prevention by applying environmental, behavioral, and motivational concepts to the management of health problems related to lifestyle behaviors"--
Assigning source Provided by publisher.
650 12 - SUBJECT ADDED ENTRY--TOPICAL TERM
Topical term or geographic name entry element Health promotion.
650 22 - SUBJECT ADDED ENTRY--TOPICAL TERM
Topical term or geographic name entry element Health behavior.
650 22 - SUBJECT ADDED ENTRY--TOPICAL TERM
Topical term or geographic name entry element Healthy lifestyle.
700 1# - ADDED ENTRY--PERSONAL NAME
Personal name Tryon, Lilly,
Relator term author.
906 ## - LOCAL DATA ELEMENT F, LDF (RLIN)
a 7
b cbc
c orignew
d 1
e ecip
f 20
g y-gencatlg
942 ## - ADDED ENTRY ELEMENTS (KOHA)
Source of classification or shelving scheme Dewey Decimal Classification
Koha item type Books
Edition 23
Classification part 362.1
Item part D758h
Call number prefix GRD
Call number suffix 2025
Suppress in OPAC No
Holdings
Withdrawn status Lost status Source of classification or shelving scheme Damaged status Not for loan Home library Current library Shelving location Date acquired Total Checkouts Full call number Barcode Date last seen Copy number Price effective from Koha item type
    Dewey Decimal Classification     Main Library Main Library Graduate School Library 03/19/2026   GRD 362.1 D758h 2025 031451 03/19/2026 1-1 03/19/2026 Books